=LDR 00000nam 2200000 4500 =001 INLIS000000000019221 =005 20130612114318 =008 ***********************************Ind** =035 ##$$0010-061300000019221 =041 ##$$a Ind =082 ##$$a 923 =090 ##$$a 923, Eas s =100 ##$$a Eastman, Max =245 ##$$a Surat terbuka untuk 12 tokoh besar dunia, Max Eastman =260 ##$$a 2003 $b Jakarta =300 ##$$a v, 123 hlm, ilus, 23 cm =650 ##$$a Tikoh Dunia-Biografi =850 ##$$a NBPNMAT